The Beatles - A Day In The Life - Statistics

General Stats
  • This quiz has been taken 172 times
  • The average score is 158 of 211
Answer Stats
Lyrics % Correct
I
98%
The
97%
To
96%
A
94%
News
94%
Oh
93%
Read
93%
Who
93%
Boy
91%
Today
91%
Of
89%
Out
89%
He
88%
Made
88%
Man
87%
And
86%
In
86%
Had
85%
Up
83%
Rather
82%
Bed
81%
My
81%
His
80%
Just
80%
Was
80%
About
79%
Car
79%
Lucky
79%
Notice
79%
Sad
79%
You
79%
Though
78%
Turn
78%
On
77%
Saw
77%
Woke
77%
Blew
76%
Mind
76%
Comb
75%
Grade
73%
Head
73%
Laugh
73%
Love
73%
People
72%
Won
72%
Across
71%
Changed
71%
That
71%
War
71%
Army
70%
Crowd
70%
Didn't
70%
English
70%
Lights
70%
Stood
69%
They
68%
Look
67%
Holes
66%
Dragged
65%
Photograph
64%
Stared
64%
I'd
63%
Bus
61%
Film
61%
Away
60%
Late
59%
But
58%
Downstairs
57%
Flat
57%
Hall
57%
House
57%
If
57%
Into
57%
Seconds
57%
Smoke
57%
Turned
57%
Way
57%
Well
57%
Albert
56%
Fell
56%
Nobody
56%
Went
56%
Book
55%
Dream
55%
Really
55%
Cup
54%
Having
54%
Noticed
53%
Thousand
53%
Fill
52%
Grabbed
52%
It
52%
Were
52%
Found
51%
From
51%
Spoke
51%
Sure
51%
Hat
50%
Know
50%
Lords
50%
Many
50%
Somebody
50%
How
49%
Drank
48%
Face
48%
Seen
48%
Takes
48%
All
47%
Before
47%
Coat
46%
Lancashire
46%
Looking
46%
Now
46%
Four
45%
Upstairs
45%
Small
44%
They'd
43%
Count
42%
Blackburn
40%
Them
39%
No matching quizzes found
Score Distribution
Percent of People with Each Score
Percentile by Number Answered
Your Score History
You have not taken this quiz